|
|
|
|
| LEADER |
00915nam a2200277 4500 |
| 001 |
DLU170181890 |
| 005 |
##20171114 |
| 040 |
# |
# |
|a DLU
|b vie
|
| 041 |
# |
# |
|a vie
|
| 044 |
# |
# |
|a vn
|
| 100 |
# |
# |
|a Trần Văn Minh.
|
| 245 |
# |
# |
|a Truyện ký những năm chống Mỹ cứu nước (giai đoạn 1955 - 1975) - Một chặng đường tỏa sáng /
|c Trần Văn Minh.
|
| 653 |
# |
# |
|a Hậu phương
|
| 653 |
# |
# |
|a Kháng chiến chống Mỹ cứu nước (1955 - 1975)
|
| 653 |
# |
# |
|a Phản ánh hiện thực
|
| 653 |
# |
# |
|a Tiền tuyến
|
| 773 |
# |
# |
|t Tạp chí Lý luận, phê bình văn học, nghệ thuật /
|g Số 44, 2016, tr. 45-47
|
| 920 |
# |
# |
|a Phòng Tạp chí --Trung tâm Thông tin - Thư viện Trường Đại học Đà Lạt
|
| 900 |
# |
# |
|a True
|
| 911 |
# |
# |
|a Lê Thị Hồng
|
| 925 |
# |
# |
|a G
|
| 926 |
# |
# |
|a A
|
| 927 |
# |
# |
|a BB
|
| 980 |
# |
# |
|a Thư viện Trường Đại học Đà Lạt
|